Boss de Dark Souls - Statistiques

Statistiques générales
  • Ce quiz a été pris 893 fois
    869 depuis la dernière actualisation
  • Le résultat moyen est 16 sur 26
Statistiques - réponses
Localisation Boss % Correct
Domaine de Quelaag Quelaag, la sorcière du Chaos
83%
Village des Mort-Vivants Démon Taureau
82%
Démon Capra
80%
Kiln de la Première Flamme Gwen, Seigneur des Cendres
80%
Paroisse des Mort-Vivants Gargouilles
79%
Ruines de la Nouvelle Londo Les Quatre Rois
79%
Tombeau des Géants Nito, le Seigneur des Tombes
78%
Jardin de Noiresouche Sif, le Grand Loup Gris
76%
Forêt Royale Chevalier Artorias
74%
Caverne de Cristal Seath, l'Écorché
74%
Forteresse de Sen Golem de Fer
72%
Gouffre des Abysses Manus, Père des Abysses
72%
Izalith la Perdue Foyer du Chaos
68%
Anor Londo Ornstein et Smough
67%
Les Profondeurs Dragon Béant
64%
Gwendolin, le Soleil Noir
56%
Kalameet le Dragon Noir
53%
Refuge Nord des Mort-Vivants Démon du Refuge
51%
Le Monde Peint d'Ariamis Priscilla, la Métissée
51%
Les Catacombes Virevent
49%
Jardin du Sanctuaire Gardien du Sanctuaire
44%
Ruines Démoniaques Décharge Incessante
41%
Démon Mille-pattes
37%
Démon Errant
36%
Démon Pyrosage
35%
Papillon Clair de Lune
29%
Aucun quiz correspondant
Distribution des résultats
% des personnes avec chaque résultat
Percentile par nombre de réponses
Votre historique - résultats
Vous n’avez pas pris ce quiz depuis la dernière actualisation